Pokémon sin E - Estadísticas

Estadísticas generales
  • Esta prueba ha sido intentada 46 veces
    31 desde el último reinicio
  • La puntuación promedio es 201 de 515
Estadísticas de respuestas
No. Tipo Pokémon % Correcto
#0006 Fuego Volador Charizard
100%
#0025 Eléctrico Pikachu
100%
#0042 Veneno Volador Golbat
94%
#0026 Eléctrico Raichu
94%
#0041 Veneno Volador Zubat
94%
#0044 Planta Veneno Gloom
88%
#0037 Fuego Vulpix
88%
#0063 Psíquico Abra
81%
#0065 Psíquico Alakazam
81%
#0001 Planta Veneno Bulbasaur
81%
#0092 Fantasma Veneno Gastly
81%
#0002 Planta Veneno Ivysaur
81%
#0064 Psíquico Kadabra
81%
#0043 Planta Veneno Oddish
81%
#0169 Veneno Volador Crobat
75%
#0148 Dragón Dragonair
75%
#0147 Dragón Dratini
75%
#0039 Normal Hada Jigglypuff
75%
#0124 Hielo Psíquico Jynx
75%
#0014 Bicho Veneno Kakuna
75%
#0131 Agua Hielo Lapras
75%
#0068 Lucha Machamp
75%
#0129 Agua Magikarp
75%
#0095 Roca Tierra Onix
75%
#0019 Normal Rattata
75%
#0028 Tierra Sandslash
75%
#0145 Eléctrico Volador Zapdos
75%
#0144 Hielo Volador Articuno
69%
#0152 Planta Chikorita
69%
#0085 Normal Volador Dodrio
69%
#0084 Normal Volador Doduo
69%
#0051 Tierra Dugtrio
69%
#0055 Agua Golduck
69%
#0130 Agua Volador Gyarados
69%
#0066 Lucha Machop
69%
#0126 Fuego Magmar
69%
#0089 Veneno Muk
69%
#0034 Veneno Tierra Nidoking
69%
#0029 | #0032 Veneno Nidoran
69%
#0030 Veneno Nidorina
69%
#0033 Veneno Nidorino
69%
#0172 Eléctrico Pichu
69%
#0060 Agua Poliwag
69%
#0077 Fuego Ponyta
69%
#0054 Agua Psyduck
69%
#0078 Fuego Rapidash
69%
#0040 Normal Hada Wigglytuff
69%
#0024 Veneno Arbok
63%
#0390 Fuego Chimchar
63%
#0107 Lucha Hitmonchan
63%
#0258 Agua Mudkip
63%
#0139 Roca Agua Omastar
63%
#0061 Agua Poliwhirl
63%
#0062 Agua Lucha Poliwrath
63%
#0156 Fuego Quilava
63%
#0112 Tierra Roca Rhydon
63%
#0111 Tierra Roca Rhyhorn
63%
#0503 Agua Samurott
63%
#0143 Normal Snorlax
63%
#0333 Normal Volador Swablu
63%
#0334 Dragón Volador Altaria
56%
#0155 Fuego Cyndaquil
56%
#0132 Normal Ditto
56%
#0478 Hielo Fantasma Froslass
56%
#0445 Dragón Tierra Garchomp
56%
#0140 Roca Agua Kabuto
56%
#0141 Roca Agua Kabutops
56%
#0448 Lucha Acero Lucario
56%
#0501 Agua Oshawott
56%
#0127 Bicho Pinsir
56%
#0728 Agua Popplio
56%
#0280 Psíquico Hada Ralts
56%
#0080 Agua Psíquico Slowbro
56%
#0495 Planta Snivy
56%
#0338 Roca Psíquico Solrock
56%
#0120 Agua Staryu
56%
#0128 Normal Tauros
56%
#0100 Eléctrico Voltorb
56%
#0460 Planta Hielo Abomasnow
50%
#0306 Acero Roca Aggron
50%
#0304 Acero Roca Aron
50%
#0423 Agua Tierra Gastrodon
50%
#0706 Dragón Goodra
50%
#0297 Lucha Hariyama
50%
#0701 Lucha Volador Hawlucha
50%
#0237 Lucha Hitmontop
50%
#0250 Fuego Volador Ho-Oh
50%
#0097 Psíquico Hypno
50%
#0281 Psíquico Hada Kirlia
50%
#0270 Agua Planta Lotad
50%
#0792 Psíquico Fantasma Lunala
50%
#0404 Eléctrico Luxio
50%
#0405 Eléctrico Luxray
50%
#0240 Fuego Magby
50%
#0467 Fuego Magmortar
50%
#0296 Lucha Makuhita
50%
#0105 Tierra Marowak
50%
#0429 Fantasma Mismagius
50%
#0046 Bicho Planta Paras
50%
#0137 Normal Porygon
50%
#0474 Normal Porygon-Z
50%
#0730 Agua Hada Primarina
50%
#0247 Roca Tierra Pupitar
50%
#0243 Eléctrico Raikou
50%
#0447 Lucha Riolu
50%
#0479 Eléctrico Fantasma Rotom
50%
#0403 Eléctrico Shinx
50%
#0773 Normal Silvally
50%
#0398 Normal Volador Staraptor
50%
#0397 Normal Volador Staravia
50%
#0396 Normal Volador Starly
50%
#0787 Planta Hada Tapu Bulu
50%
#0255 Fuego Torchic
50%
#0726 Fuego Torracat
50%
#0328 Tierra Trapinch
50%
#0357 Planta Volador Tropius
50%
#0387 Planta Turtwig
50%
#0157 Fuego Typhlosion
50%
#0248 Roca Siniestro Tyranitar
50%
#0193 Bicho Volador Yanma
50%
#0698 Roca Hielo Amaura
44%
#0181 Eléctrico Ampharos
44%
#0184 Agua Hada Azumarill
44%
#0371 Dragón Bagon
44%
#0436 Acero Psíquico Bronzor
44%
#0453 Veneno Lucha Croagunk
44%
#0491 Siniestro Darkrai
44%
#0555 Fuego Darmanitan
44%
#0554 Fuego Darumaka
44%
#0483 Acero Dragón Dialga
44%
#0452 Veneno Siniestro Drapion
44%
#0269 Bicho Veneno Dustox
44%
#0330 Tierra Dragón Flygon
44%
#0596 Bicho Eléctrico Galvantula
44%
#0203 Normal Psíquico Girafarig
44%
#0704 Dragón Goomy
44%
#0612 Dragón Haxorus
44%
#0430 Siniestro Volador Honchkrow
44%
#0163 Normal Volador Hoothoot
44%
#0229 Siniestro Fuego Houndoom
44%
#0228 Siniestro Fuego Houndour
44%
#0174 Normal Hada Igglybuff
44%
#0595 Bicho Eléctrico Joltik
44%
#0109 Veneno Koffing
44%
#0098 Agua Krabby
44%
#0552 Tierra Siniestro Krokorok
44%
#0305 Acero Roca Lairon
44%
#0246 Roca Tierra Larvitar
44%
#0506 Normal Lillipup
44%
#0272 Agua Planta Ludicolo
44%
#0490 Agua Manaphy
44%
#0630 Siniestro Volador Mandibuzz
44%
#0183 Agua Hada Marill
44%
#0259 Agua Tierra Marshtomp
44%
#0241 Normal Miltank
44%
#0778 Fantasma Hada Mimikyu
44%
#0312 Eléctrico Minun
44%
#0446 Normal Munchlax
44%
#0198 Siniestro Volador Murkrow
44%
#0164 Normal Volador Noctowl
44%
#0484 Agua Dragón Palkia
44%
#0708 Fantasma Planta Phantump
44%
#0393 Agua Piplup
44%
#0233 Normal Porygon2
44%
#0394 Agua Prinplup
44%
#0384 Dragón Volador Rayquaza
44%
#0757 Veneno Fuego Salandit
44%
#0212 Bicho Acero Scizor
44%
#0813 Fuego Scorbunny
44%
#0492 Planta Shaymin
44%
#0199 Agua Psíquico Slowking
44%
#0581 Agua Volador Swanna
44%
#0220 Hielo Tierra Swinub
44%
#0788 Agua Hada Tapu Fini
44%
#0785 Eléctrico Hada Tapu Koko
44%
#0454 Veneno Lucha Toxicroak
44%
#0329 Tierra Dragón Vibrava
44%
#0494 Psíquico Fuego Victini
44%
#0721 Fuego Agua Volcanion
44%
#0734 Normal Yungoos
44%
#0190 Normal Aipom
38%
#0594 Agua Alomomola
38%
#0752 Agua Bicho Araquanid
38%
#0168 Bicho Veneno Ariados
38%
#0699 Roca Hielo Aurorus
38%
#0298 Normal Hada Azurill
38%
#0343 Tierra Psíquico Baltoy
38%
#0339 Agua Tierra Barboach
38%
#0411 Roca Acero Bastiodon
38%
#0399 Normal Bidoof
38%
#0625 Siniestro Acero Bisharp
38%
#0626 Normal Bouffalant
38%
#0628 Normal Volador Braviary
38%
#0437 Acero Psíquico Bronzong
38%
#0318 Agua Siniestro Carvanha
38%
#0268 Bicho Cascoon
38%
#0351 Normal Castform
38%
#0737 Bicho Eléctrico Charjabug
38%
#0638 Acero Lucha Cobalion
38%
#0408 Roca Cranidos
38%
#0159 Agua Croconaw
38%
#0723 Planta Volador Dartrix
38%
#0887 Dragón Fantasma Dragapult
38%
#0780 Normal Dragón Drampa
38%
#0426 Fantasma Volador Drifblim
38%
#0884 Acero Dragón Duraludon
38%
#0632 Bicho Acero Durant
38%
#0356 Fantasma Dusclops
38%
#0355 Fantasma Duskull
38%
#0753 Planta Fomantis
38%
#0676 Normal Furfrou
38%
#0487 Fantasma Dragón Giratina
38%
#0472 Tierra Volador Gliscor
38%
#0768 Bicho Agua Golisopod
38%
#0735 Normal Gumshoos
38%
#0799 Dark Dragón Guzzlord
38%
#0686 Siniestro Psíquico Inkay
38%
#0385 Acero Psíquico Jirachi
38%
#0189 Planta Volador Jumpluff
38%
#0230 Agua Dragón Kingdra
38%
#0775 Normal Komala
38%
#0784 Dragón Lucha Kommo-o
38%
#1007 Lucha Dragón Koraidon
38%
#0171 Agua Eléctrico Lanturn
38%
#0607 Fantasma Fuego Litwick
38%
#0428 Normal Lopunny
38%
#0249 Psíquico Volador Lugia
38%
#0754 Planta Lurantis
38%
#0370 Agua Luvdisc
38%
#0687 Siniestro Psíquico Malamar
38%
#0556 Planta Maractus
38%
#0802 Lucha Fantasma Marshadow
38%
#0350 Agua Milotic
38%
#1008 Eléctrico Dragón Miraidon
38%
#0932 Roca Nacli
38%
#0714 Volador Dragón Noibat
38%
#0417 Eléctrico Pachirisu
38%
#0770 Fantasma Tierra Palossand
38%
#0536 Agua Tierra Palpitoad
38%
#0515 Agua Panpour
38%
#0624 Siniestro Acero Pawniard
38%
#0771 Agua Pyukumuku
38%
#0651 Planta Quilladin
38%
#0409 Roca Rampardos
38%
#0769 Fantasma Tierra Sandygast
38%
#0275 Planta Siniestro Shiftry
38%
#0266 Bicho Silcoon
38%
#0516 Agua Simipour
38%
#0227 Acero Volador Skarmory
38%
#0451 Veneno Bicho Skorupi
38%
#0705 Dragón Sliggoo
38%
#0361 Hielo Snorunt
38%
#0209 Hada Snubbull
38%
#0618 Tierra Eléctrico Stunfisk
38%
#0528 Psíquico Volador Swoobat
38%
#0696 Roca Dragón Tyrunt
38%
#0901 Tierra Normal Ursaluna
38%
#0217 Normal Ursaring
38%
#0321 Agua Wailord
38%
#0278 Agua Volador Wingull
38%
#0746 Agua Wishiwashi
38%
#0263 Normal Zigzagoon
38%
#0571 Siniestro Zoroark
38%
#0570 Siniestro Zorua
38%
#0359 Siniestro Absol
31%
#0424 Normal Ambipom
31%
#0591 Planta Veneno Amoonguss
31%
#0840 Planta Dragón Applin
31%
#0348 Roca Bicho Armaldo
31%
#0531 Normal Audino
31%
#0713 Hielo Avalugg
31%
#0998 Dragón Hielo Baxcalibur
31%
#0836 Eléctrico Boltund
31%
#0438 Roca Bonsly
31%
#0565 Agua Roca Carracosta
31%
#0441 Normal Volador Chatot
31%
#0170 Agua Eléctrico Chinchou
31%
#0563 Fantasma Cofagrigus
31%
#0341 Agua Corphish
31%
#0222 Agua Roca Corsola
31%
#0823 Volador Acero Corviknight
31%
#0789 Psíquico Cosmog
31%
#0346 Roca Planta Cradily
31%
#0342 Agua Siniestro Crawdaunt
31%
#0910 Fuego Crocalor
31%
#0613 Hielo Cubchoo
31%
#0864 Fantasma Cursola
31%
#0977 Agua Dondozo
31%
#0232 Tierra Donphan
31%
#0882 Agua Dragón Dracovish
31%
#0425 Fantasma Volador Drifloon
31%
#0529 Tierra Drilbur
31%
#0621 Dragón Druddigon
31%
#0578 Psíquico Duosion
31%
#0477 Fantasma Dusknoir
31%
#0870 Lucha Falinks
31%
#0981 Normal Psíquico Farigiraf
31%
#0926 Hada Fidough
31%
#0180 Eléctrico Flaaffy
31%
#0590 Planta Veneno Foongus
31%
#0873 Hielo Bicho Frosmoth
31%
#0569 Veneno Garbodor
31%
#0934 Roca Garganacl
31%
#0526 Roca Gigalith
31%
#0207 Tierra Volador Gligar
31%
#0623 Tierra Fantasma Golurk
31%
#0574 Psíquico Gothita
31%
#0575 Psíquico Gothorita
31%
#0210 Hada Granbull
31%
#0853 Lucha Grapploct
31%
#0861 Siniestro Hada Grimmsnarl
31%
#0383 Tierra Groudon
31%
#0316 Veneno Gulpin
31%
#0533 Lucha Gurdurr
31%
#0783 Dragón Lucha Hakamo-o
31%
#0440 Normal Happiny
31%
#0449 Tierra Hippopotas
31%
#0450 Tierra Hippowdon
31%
#0720 Psíquico Fantasma Hoopa
31%
#0187 Planta Volador Hoppip
31%
#0782 Dragón Jangmo-o
31%
#0798 Planta Acero Kartana
31%
#0983 Siniestro Acero Kingambit
31%
#0600 Acero Klang
31%
#0599 Acero Klink
31%
#0601 Acero Klinklang
31%
#0645 Tierra Volador Landorus
31%
#0380 Dragón Psíquico Latias
31%
#0381 Dragón Psíquico Latios
31%
#0108 Normal Lickitung
31%
#0549 Planta Lilligant
31%
#1015 Veneno Psíquico Munkidori
31%
#0517 Psíquico Munna
31%
#1014 Veneno Lucha Okidogi
31%
#0765 Normal Psíquico Oranguru
31%
#0741 Varios Volador Oricorio
31%
#0766 Lucha Passimian
31%
#0922 Eléctrico Lucha Pawmo
31%
#0923 Eléctrico Lucha Pawmot
31%
#0231 Tierra Phanpy
31%
#0871 Eléctrico Pincurchin
31%
#0476 Roca Acero Probopass
31%
#0710 Fantasma Planta Pumpkaboo
31%
#0509 Siniestro Purrloin
31%
#0432 Normal Purugly
31%
#0912 Agua Quaxly
31%
#0211 Agua Veneno Qwilfish
31%
#0539 Lucha Sawk
31%
#0586 Normal Planta Sawsbuck
31%
#0756 Planta Hada Shiinotic
31%
#0285 Planta Shroomish
31%
#0300 Normal Skitty
31%
#0435 Veneno Siniestro Skuntank
31%
#0218 Fuego Slugma
31%
#0685 Hada Slurpuff
31%
#0238 Hielo Psíquico Smoochum
31%
#0872 Hielo Bicho Snom
31%
#0577 Psíquico Solosis
31%
#0327 Normal Spinda
31%
#0325 Psíquico Spoink
31%
#0906 Planta Sprigatito
31%
#0805 Roca Acero Stakataka
31%
#0434 Veneno Siniestro Stunky
31%
#0185 Roca Sudowoodo
31%
#0541 Bicho Planta Swadloon
31%
#0684 Hada Swirlix
31%
#0938 Eléctrico Tadbulb
31%
#0465 Planta Tangrowth
31%
#0642 Eléctrico Volador Thundurus
31%
#0532 Lucha Timburr
31%
#0324 Fuego Torkoal
31%
#0733 Normal Volador Toucannon
31%
#0849 Eléctrico Veneno Toxtricity
31%
#0602 Eléctrico Tynamo
31%
#0697 Roca Dragón Tyrantrum
31%
#0201 Psíquico Unown
31%
#0583 Hielo Vanillish
31%
#0738 Bicho Eléctrico Vikavolt
31%
#0640 Planta Lucha Virizion
31%
#0666 Bicho Volador Vivillon
31%
#0637 Bicho Fuego Volcarona
31%
#0629 Siniestro Volador Vullaby
31%
#0547 Planta Hada Whimsicott
31%
#0340 Agua Tierra Whiscash
31%
#0767 Bicho Agua Wimpod
31%
#0527 Psíquico Volador Woobat
31%
#0178 Psíquico Volador Xatu
31%
#0562 Fantasma Yamask
31%
#0888 Hada Zacian
31%
#0347 Roca Bicho Anorith
25%
#1018 Acero Dragón Archaludon
25%
#0997 Dragón Hielo Arctibax
25%
#0846 Agua Arrokuda
25%
#0550 Agua Basculin
25%
#0779 Agua Psíquico Bruxish
25%
#0412 Bicho Burmy
25%
#0951 Planta Capsakid
25%
#0703 Roca Hada Carbink
25%
#0573 Normal Cinccino
25%
#0344 Tierra Psíquico Claydol
25%
#0985 Hada Psíquico Colagrito
25%
#0845 Volador Agua Cramorant
25%
#0615 Hielo Cryogonal
25%
#0878 Acero Cufant
25%
#0927 Hada Dachsbun
25%
#1011 Planta Dragón Dipplin
25%
#0880 Eléctrico Dragón Dracozolt
25%
#0832 Normal Dubwool
25%
#0973 Volador Lucha Flamigo
25%
#0996 Dragón Hielo Frigibax
25%
#0592 Agua Fantasma Frillish
25%
#0970 Roca Veneno Glimmora
25%
#0945 Veneno Normal Grafaiai
25%
#0736 Bicho Grubbin
25%
#0326 Psíquico Grumpig
25%
#0367 Agua Huntail
25%
#0115 Normal Kangaskhan
25%
#0463 Normal Lickilicky
25%
#0920 Bicho Siniestro Lokix
25%
#0745 Roca Lycanroc
25%
#0943 Siniestro Mabosstiff
25%
#0219 Fuego Roca Magcargo
25%
#0942 Siniestro Maschiff
25%
#0925 Normal Maushold
25%
#0572 Normal Minccino
25%
#0414 Bicho Volador Mothim
25%
#0749 Tierra Mudbray
25%
#0518 Psíquico Musharna
25%
#0933 Roca Naclstack
25%
#0177 Psíquico Volador Natu
25%
#0827 Siniestro Nickit
25%
#0290 Bicho Tierra Nincada
25%
#0291 Bicho Volador Ninjask
25%
#0674 Lucha Pancham
25%
#0675 Lucha Siniestro Pangoro
25%
#0504 Normal Patrat
25%
#0921 Eléctrico Pawmi
25%
#0914 Agua Lucha Quaquaval
25%
#0814 Fuego Raboot
25%
#0812 Planta Rillaboom
25%
#0744 Roca Rockruff
25%
#0837 Roca Rolycoly
25%
#0844 Tierra Sandaconda
25%
#0952 Planta Fuego Scovillain
25%
#0559 Siniestro Lucha Scraggy
25%
#1013 Planta Fantasma Sinistcha
25%
#0188 Planta Volador Skiploom
25%
#0289 Normal Slaking
25%
#0287 Normal Slakoth
25%
#0918 Bicho Spidops
25%
#0167 Bicho Veneno Spinarak
25%
#0442 Fantasma Siniestro Spiritomb
25%
#0931 Normal Volador Squawkabilly
25%
#0508 Normal Stoutland
25%
#0759 Normal Lucha Stufful
25%
#0192 Planta Sunflora
25%
#0283 Bicho Agua Surskit
25%
#0317 Veneno Swalot
25%
#0276 Normal Volador Taillow
25%
#0917 Bicho Tarountula
25%
#0978 Dragón Agua Tatsugiri
25%
#0538 Lucha Throh
25%
#0957 Hada Acero Tinkatink
25%
#0959 Hada Acero Tinkaton
25%
#0564 Agua Roca Tirtouga
25%
#0641 Volador Tornadus
25%
#0520 Normal Volador Tranquill
25%
#0568 Veneno Trubbish
25%
#0776 Fuego Dragón Turtonator
25%
#0892 Lucha Siniestro Urshifu
25%
#0965 Acero Veneno Varoom
25%
#0288 Normal Vigoroth
25%
#0505 Normal Watchog
25%
#0293 Normal Whismur
25%
#0831 Normal Wooloo
25%
#0413 Bicho Varios Wormadam
25%
#0360 Psíquico Wynaut
25%
#0930 Planta Normal Arboliva
19%
#0883 Agua Hielo Arctovish
19%
#0881 Eléctrico Hielo Arctozolt
19%
#0824 Bicho Blipbug
19%
#1005 Dragón Siniestro Bramaluna
19%
#0946 Planta Fantasma Bramblin
19%
#0838 Roca Fuego Carkol
19%
#0433 Psíquico Chingling
19%
#1004 Siniestro Fuego Chi-Yu
19%
#0852 Lucha Clobbopus
19%
#0839 Roca Fuego Coalossal
19%
#0984 Ground Lucha Colmilargo
19%
#0967 Dragón Normal Cyclizar
19%
#0929 Planta Normal Dolliv
19%
#0886 Dragón Fantasma Drakloak
19%
#0907 Planta Floragato
19%
#0999 Fantasma Gimmighoul
19%
#0673 Planta Gogoat
19%
#0859 Siniestro Hada Impidimp
19%
#0588 Bicho Karrablast
19%
#0950 Roca Klawf
19%
#0891 Lucha Kubfu
19%
#0774 Roca Volador Minior
19%
#0862 Siniestro Normal Obstagoon
19%
#0968 Acero Orthworm
19%
#0964 Agua Palafin
19%
#0668 Fuego Normal Pyroar
19%
#0954 Bicho Psíquico Rabsca
19%
#0560 Siniestro Lucha Scrafty
19%
#0561 Psíquico Volador Sigilyph
19%
#0843 Tierra Silicobra
19%
#0672 Planta Skiddo
19%
#0928 Planta Normal Smoliv
19%
#1003 Siniestro Tierra Ting-Lu
19%
#0958 Hada Acero Tinkatuff
19%
#0961 Agua Wugtrio
19%
#1009 Agua Dragón Ondalagua
13%
No se encontraron pruebas coincidentes
Distribución de puntuación
Porcentaje de gente con cada puntuación
Porcentaje por número respondido
Historial de tus puntuaciones
No has intentado esta prueba desde el último reinicio